[Event "ewcc-2015"]
[Site "Chakvi. Adjara"]
[Date "2015.05.27"]
[Round "8.4"]
[White "Galojan, Lilit"]
[Black "Melia, Salome"]
[Result "0-1"]
[LiveChessVersion "1.3.1"]
[BlackElo "2452"]
[WhiteElo "2275"]

1. c4 {[%clk 1:30:56]} g6 {[%clk 1:30:15]} 2. Nc3 {[%clk 1:28:36]} Bg7
{[%clk 1:30:37]} 3. Nf3 {[%clk 1:19:20]} c5 {[%clk 1:27:34]} 4. e3
{[%clk 1:18:41]} Nf6 {[%clk 1:27:11]} 5. d4 {[%clk 1:18:03]} O-O {[%clk 1:23:26]}
6. d5 {[%clk 1:17:22]} d6 {[%clk 1:23:42]} 7. Bd3 {[%clk 1:11:01]} e6
{[%clk 1:21:05]} 8. h3 {[%clk 1:10:02]} exd5 {[%clk 1:13:52]} 9. cxd5
{[%clk 1:10:28]} Nbd7 {[%clk 1:14:07]} 10. O-O {[%clk 1:10:22]} a6
{[%clk 1:14:11]} 11. a4 {[%clk 1:10:46]} Re8 {[%clk 1:14:09]} 12. Re1
{[%clk 1:10:25]} Nh5 {[%clk 1:09:08]} 13. Bd2 {[%clk 0:48:11]} f5
{[%clk 1:05:13]} 14. Rb1 {[%clk 0:48:26]} Nhf6 {[%clk 0:53:09]} 15. Qc2
{[%clk 0:41:03]} Rb8 {[%clk 0:45:39]} 16. b4 {[%clk 0:30:58]} cxb4
{[%clk 0:44:06]} 17. Rxb4 {[%clk 0:30:38]} Nc5 {[%clk 0:44:25]} 18. Nd4
{[%clk 0:30:47]} Bd7 {[%clk 0:44:16]} 19. Be2 {[%clk 0:16:08]} Kh8
{[%clk 0:41:31]} 20. Reb1 {[%clk 0:14:53]} Rc8 {[%clk 0:36:18]} 21. Qa2
{[%clk 0:14:06]} Nfe4 {[%clk 0:36:13]} 22. Nxe4 {[%clk 0:14:25]} fxe4
{[%clk 0:35:00]} 23. Bg4 {[%clk 0:07:29]} Bxg4 {[%clk 0:33:30]} 24. hxg4
{[%clk 0:07:58]} Qh4 {[%clk 0:32:57]} 25. Be1 {[%clk 0:05:02]} Nd3
{[%clk 0:21:05]} 26. Rxb7 {[%clk 0:05:24]} Bxd4 {[%clk 0:21:22]} 27. exd4
{[%clk 0:05:46]} Qxg4 {[%clk 0:16:34]} 28. Qd2 {[%clk 0:01:06]} Nf4
{[%clk 0:15:03]} 29. g3 {[%clk 0:01:31]} Nh3+ {[%clk 0:13:15]} 30. Kg2
{[%clk 0:00:46]} Ng5 {[%clk 0:13:28]} 31. R1b3 {[%clk 0:00:34]} Qh3+
{[%clk 0:13:15]} 32. a5 0-1

[Event "ewcc-2015"]
[Site "Chakvi. Adjara"]
[Date "2015.05.27"]
[Round "8.7"]
[White "Arabidze, Meri"]
[Black "Stefanova, Antoaneta"]
[Result "1-0"]
[LiveChessVersion "1.3.1"]
[BlackElo "2512"]
[WhiteElo "2403"]

1. d4 {[%clk 1:30:57]} d5 {[%clk 1:28:09]} 2. c4 {[%clk 1:31:20]} c6
{[%clk 1:28:34]} 3. cxd5 {[%clk 1:31:41]} cxd5 {[%clk 1:28:58]} 4. Nc3
{[%clk 1:31:59]} Nf6 {[%clk 1:26:22]} 5. Nf3 {[%clk 1:31:48]} Nc6
{[%clk 1:23:59]} 6. Bf4 {[%clk 1:32:01]} a6 {[%clk 1:23:10]} 7. Rc1
{[%clk 1:32:19]} Nh5 {[%clk 1:22:48]} 8. Bd2 {[%clk 1:32:25]} Nf6
{[%clk 1:20:22]} 9. h3 {[%clk 1:32:35]} Ne4 {[%clk 1:15:18]} 10. Bf4
{[%clk 1:21:50]} Nxc3 {[%clk 1:11:16]} 11. bxc3 {[%clk 1:05:33]} Bf5
{[%clk 1:08:32]} 12. e3 {[%clk 0:57:50]} e5 {[%clk 0:57:59]} 13. Nxe5
{[%clk 0:57:00]} Ba3 {[%clk 0:57:35]} 14. Nd3 {[%clk 0:56:09]} Bxc1
{[%clk 0:56:35]} 15. Qxc1 {[%clk 0:56:19]} Qa5 {[%clk 0:52:03]} 16. Qb2
{[%clk 0:53:03]} Rc8 {[%clk 0:46:25]} 17. Nc5 {[%clk 0:51:11]} Nd8
{[%clk 0:43:49]} 18. Kd2 {[%clk 0:42:14]} Rc6 {[%clk 0:38:55]} 19. Be2
{[%clk 0:35:01]} Ne6 {[%clk 0:16:03]} 20. Nb3 {[%clk 0:30:28]} Qb6
{[%clk 0:15:20]} 21. Be5 {[%clk 0:29:29]} f6 {[%clk 0:15:11]} 22. Bh2
{[%clk 0:27:18]} Ng5 {[%clk 0:14:24]} 23. f3 {[%clk 0:26:48]} O-O
{[%clk 0:14:47]} 24. g4 {[%clk 0:23:46]} Bd7 {[%clk 0:12:32]} 25. h4
{[%clk 0:21:35]} Nf7 {[%clk 0:12:57]} 26. Rb1 {[%clk 0:18:57]} Bc8
{[%clk 0:09:26]} 27. Nc5 {[%clk 0:16:49]} Qa5 {[%clk 0:08:56]} 28. Qb4
{[%clk 0:14:15]} Qxb4 {[%clk 0:07:34]} 29. Rxb4 {[%clk 0:11:20]} Nd8
{[%clk 0:05:08]} 30. c4 {[%clk 0:10:12]} f5 {[%clk 0:01:01]} 31. cxd5
{[%clk 0:03:53]} Rh6 {[%clk 0:01:27]} 32. Bf4 {[%clk 0:04:10]} Rxh4
{[%clk 0:01:38]} 33. d6 {[%clk 0:04:36]} Nc6 {[%clk 0:01:03]} 34. Rb1
{[%clk 0:04:08]} Nb8 {[%clk 0:00:39]} 35. g5 {[%clk 0:02:49]} b5 {[%clk 0:00:48]}
36. a4 {[%clk 0:02:54]} Rd8 {[%clk 0:00:59]} 37. axb5 {[%clk 0:03:04]} axb5
{[%clk 0:01:06]} 38. Rxb5 {[%clk 0:03:17]} Nc6 {[%clk 0:01:25]} 39. Bc4+
{[%clk 0:01:28]} Kf8 {[%clk 0:01:48]} 40. Kc3 {[%clk 0:30:34]} Rxf4
{[%clk 0:31:05]} 41. exf4 {[%clk 0:28:09]} Rxd6 {[%clk 0:30:14]} 42. d5
{[%clk 0:23:44]} Ne7 {[%clk 0:29:39]} 43. Kd4 {[%clk 0:23:44]} Nc6+
{[%clk 0:25:24]} 44. Ke3 {[%clk 0:23:42]} Ne7 {[%clk 0:25:48]} 45. Nd3
{[%clk 0:20:12]} Rd8 {[%clk 0:12:11]} 46. Rb8 {[%clk 0:18:50]} Ke8
{[%clk 0:12:33]} 47. Ne5 {[%clk 0:18:16]} Bd7 {[%clk 0:09:19]} 48. Rb7
{[%clk 0:17:31]} Bc8 {[%clk 0:08:59]} 49. Ra7 {[%clk 0:14:23]} h5
{[%clk 0:08:07]} 50. Kd4 {[%clk 0:13:03]} Nxd5 {[%clk 0:05:40]} 51. Nc6
{[%clk 0:04:34]} Ne7+ {[%clk 0:04:46]} 52. Nxd8 {[%clk 0:04:56]} Kxd8
{[%clk 0:05:14]} 53. Kc5 {[%clk 0:03:39]} Bd7 {[%clk 0:05:13]} 54. Bf7
{[%clk 0:03:30]} h4 {[%clk 0:05:00]} 55. Ra8+ {[%clk 0:02:09]} Nc8
{[%clk 0:03:21]} 56. Ra1 {[%clk 0:02:17]} Ne7 {[%clk 0:01:34]} 57. Rh1
{[%clk 0:02:23]} Bc6 {[%clk 0:00:43]} 58. Rxh4 {[%clk 0:02:18]} Bxf3
{[%clk 0:01:05]} 59. Rh7 {[%clk 0:02:00]} g6 {[%clk 0:01:27]} 60. Kd6
{[%clk 0:02:17]} Nc8+ {[%clk 0:01:28]} 61. Ke6 {[%clk 0:02:32]} Bh5
{[%clk 0:01:23]} 62. Rh8+ {[%clk 0:01:57]} Kc7 {[%clk 0:01:52]} 63. Kf6
{[%clk 0:01:55]} Nb6 {[%clk 0:01:59]} 64. Be6 {[%clk 0:01:47]} Kd6
{[%clk 0:01:46]} 65. Rxh5 {[%clk 0:01:46]} Kd5 1-0

[Event "ewcc-2015"]
[Site "Chakvi. Adjara"]
[Date "2015.05.27"]
[Round "8.10"]
[White "Abdulla, Khayala"]
[Black "Socko, Monika"]
[Result "0-1"]
[LiveChessVersion "1.3.1"]
[BlackElo "2467"]
[WhiteElo "2266"]

1. e4 {[%clk 1:30:52]} g6 {[%clk 1:30:56]} 2. d4 {[%clk 1:31:15]} d6
{[%clk 1:31:22]} 3. Nc3 {[%clk 1:31:34]} Bg7 {[%clk 1:31:48]} 4. f4
{[%clk 1:31:53]} Nf6 {[%clk 1:32:13]} 5. Nf3 {[%clk 1:32:19]} O-O
{[%clk 1:32:33]} 6. Be3 {[%clk 1:30:57]} b6 {[%clk 1:32:58]} 7. Qd2
{[%clk 1:30:24]} Bb7 {[%clk 1:32:07]} 8. e5 {[%clk 1:26:43]} Ng4 {[%clk 1:32:31]}
9. O-O-O {[%clk 1:23:44]} c5 {[%clk 1:32:02]} 10. dxc5 {[%clk 1:19:35]} bxc5
{[%clk 1:26:24]} 11. Bxc5 {[%clk 1:19:06]} Qa5 {[%clk 1:25:57]} 12. Ba3
{[%clk 1:19:22]} dxe5 {[%clk 1:24:30]} 13. Nd5 {[%clk 1:17:35]} Qxd2+
{[%clk 1:18:18]} 14. Rxd2 {[%clk 1:17:59]} Bxd5 {[%clk 1:13:50]} 15. Rxd5
{[%clk 1:18:25]} Ne3 {[%clk 1:12:46]} 16. Rd2 {[%clk 1:18:23]} Nxf1
{[%clk 1:03:50]} 17. Rxf1 {[%clk 1:18:49]} Nc6 {[%clk 1:04:13]} 18. Nxe5
{[%clk 1:16:26]} Nxe5 {[%clk 0:49:26]} 19. fxe5 {[%clk 1:16:52]} Bh6
{[%clk 0:49:04]} 20. Bxe7 {[%clk 1:16:47]} Rfb8 {[%clk 0:49:29]} 21. Rfd1
{[%clk 1:02:33]} Rb5 {[%clk 0:46:00]} 22. Bd6 {[%clk 0:51:19]} Rd5
{[%clk 0:44:03]} 23. c4 {[%clk 0:50:43]} Rc8 {[%clk 0:43:12]} 24. b3
{[%clk 0:50:03]} f6 {[%clk 0:37:17]} 25. Kc2 {[%clk 0:47:25]} Rxd2+
{[%clk 0:37:42]} 26. Rxd2 {[%clk 0:47:53]} Bxd2 {[%clk 0:38:08]} 27. Kxd2
{[%clk 0:48:17]} Kf7 {[%clk 0:38:12]} 28. exf6 {[%clk 0:45:11]} Kxf6
{[%clk 0:38:38]} 29. Kc3 {[%clk 0:41:55]} Ke6 {[%clk 0:38:04]} 30. Bg3
{[%clk 0:34:41]} g5 {[%clk 0:37:25]} 31. b4 {[%clk 0:33:24]} Rf8 {[%clk 0:35:16]}
32. b5 {[%clk 0:28:41]} h5 {[%clk 0:34:59]} 33. h4 {[%clk 0:21:04]} Rg8
{[%clk 0:35:18]} 34. Bf2 {[%clk 0:06:08]} gxh4 {[%clk 0:35:37]} 35. Bxa7
{[%clk 0:06:33]} Rxg2 {[%clk 0:35:54]} 36. b6 {[%clk 0:02:45]} Rg7
{[%clk 0:36:12]} 37. c5 {[%clk 0:01:26]} Kd5 {[%clk 0:34:28]} 38. Kb4
{[%clk 0:01:29]} Kc6 {[%clk 0:34:40]} 39. Bb8 {[%clk 0:01:33]} Rg4+
{[%clk 0:33:20]} 40. Ka5 {[%clk 0:30:51]} Rg8 {[%clk 1:03:38]} 41. Bd6
{[%clk 0:23:29]} Ra8+ {[%clk 1:03:49]} 42. Kb4 {[%clk 0:23:56]} Rxa2
{[%clk 1:04:08]} 0-1

[Event "ewcc-2015"]
[Site "Chakvi. Adjara"]
[Date "2015.05.27"]
[Round "8.13"]
[White "Kashlinskaya, Alina"]
[Black "Charochkina, Daria"]
[Result "1-0"]
[LiveChessVersion "1.3.1"]
[BlackElo "2391"]
[WhiteElo "2423"]

1. d4 {[%clk 1:30:57]} Nf6 {[%clk 1:30:56]} 2. c4 {[%clk 1:31:20]} e6
{[%clk 1:31:21]} 3. Nc3 {[%clk 1:31:44]} Bb4 {[%clk 1:31:34]} 4. Qc2
{[%clk 1:32:08]} d6 {[%clk 1:32:00]} 5. e3 {[%clk 1:31:37]} O-O {[%clk 1:31:38]}
6. Bd3 {[%clk 1:28:52]} e5 {[%clk 1:31:25]} 7. Nge2 {[%clk 1:19:55]} Bxc3+
{[%clk 1:08:29]} 8. bxc3 {[%clk 1:18:26]} Qe7 {[%clk 1:08:22]} 9. e4
{[%clk 1:13:33]} Nc6 {[%clk 0:54:18]} 10. f3 {[%clk 1:09:46]} b6 {[%clk 0:50:56]}
11. O-O {[%clk 1:09:11]} Ba6 {[%clk 0:47:51]} 12. Rb1 {[%clk 0:59:38]} Na5
{[%clk 0:46:31]} 13. f4 {[%clk 0:53:02]} Nd7 {[%clk 0:45:00]} 14. Ng3
{[%clk 0:50:03]} g6 {[%clk 0:40:08]} 15. c5 {[%clk 0:44:41]} Bxd3
{[%clk 0:32:48]} 16. Qxd3 {[%clk 0:45:06]} dxc5 {[%clk 0:33:09]} 17. fxe5
{[%clk 0:43:04]} Rfd8 {[%clk 0:29:03]} 18. Nf5 {[%clk 0:22:14]} gxf5
{[%clk 0:29:10]} 19. Qg3+ {[%clk 0:22:41]} Kh8 {[%clk 0:29:28]} 20. Bg5
{[%clk 0:22:53]} f6 {[%clk 0:28:08]} 21. exf6 {[%clk 0:22:00]} Qf7
{[%clk 0:27:11]} 22. Rxf5 {[%clk 0:20:50]} Rg8 {[%clk 0:24:16]} 23. Qxc7
{[%clk 0:19:46]} Rac8 {[%clk 0:21:13]} 24. Qf4 {[%clk 0:18:24]} cxd4
{[%clk 0:20:15]} 25. cxd4 {[%clk 0:17:12]} Qxa2 {[%clk 0:12:44]} 26. Rf1
{[%clk 0:16:16]} Qf7 {[%clk 0:10:57]} 27. e5 {[%clk 0:16:10]} Rg6
{[%clk 0:07:18]} 28. Qe4 {[%clk 0:10:33]} Re8 {[%clk 0:05:42]} 29. d5
{[%clk 0:10:16]} Nc5 {[%clk 0:05:20]} 30. Qf3 {[%clk 0:09:18]} Nc4
{[%clk 0:02:17]} 31. Qc3 {[%clk 0:08:19]} h6 {[%clk 0:00:43]} 32. e6
{[%clk 0:06:58]} Nxe6 {[%clk 0:00:55]} 33. dxe6 {[%clk 0:07:26]} Rxe6
{[%clk 0:01:15]} 34. Qxc4 {[%clk 0:04:00]} hxg5 {[%clk 0:01:42]} 35. h4
{[%clk 0:04:15]} g4 {[%clk 0:00:41]} 36. h5 {[%clk 0:03:16]} Rg8 {[%clk 0:00:37]}
37. Qf4 {[%clk 0:02:12]} Kh7 {[%clk 0:00:43]} 38. Rc1 {[%clk 0:02:29]} Rd8
{[%clk 0:00:38]} 39. Rc7 {[%clk 0:02:24]} Rd7 {[%clk 0:00:52]} 40. Rxd7
{[%clk 0:32:34]} Qxd7 {[%clk 0:31:04]} 41. f7 {[%clk 0:32:05]} Re1+
{[%clk 0:16:35]} 42. Kf2 {[%clk 0:29:34]} Rf1+ {[%clk 0:12:09]} 43. Kxf1
{[%clk 0:29:33]} Qd3+ {[%clk 0:12:35]} 44. Kg1 {[%clk 0:29:08]} 1-0

[Event "ewcc-2015"]
[Site "Chakvi. Adjara"]
[Date "2015.05.27"]
[Round "8.14"]
[White "Lomineishvili, Maia"]
[Black "Galliamova, Alisa"]
[Result "1/2-1/2"]
[LiveChessVersion "1.3.1"]
[BlackElo "2478"]
[WhiteElo "2364"]

1. d4 {[%clk 1:30:46]} d5 {[%clk 1:30:55]} 2. c4 {[%clk 1:30:58]} dxc4
{[%clk 1:31:20]} 3. Nf3 {[%clk 1:29:27]} Nf6 {[%clk 1:31:17]} 4. e3
{[%clk 1:29:46]} e6 {[%clk 1:31:40]} 5. Bxc4 {[%clk 1:30:07]} c5 {[%clk 1:31:49]}
6. O-O {[%clk 1:29:58]} a6 {[%clk 1:32:09]} 7. a4 {[%clk 1:27:29]} Nc6
{[%clk 1:31:52]} 8. Qe2 {[%clk 1:26:22]} Qc7 {[%clk 1:31:43]} 9. Nc3
{[%clk 1:25:08]} Be7 {[%clk 1:27:15]} 10. Bd2 {[%clk 1:17:16]} O-O
{[%clk 1:25:43]} 11. Rac1 {[%clk 1:14:30]} b6 {[%clk 1:22:15]} 12. d5
{[%clk 1:05:49]} exd5 {[%clk 1:20:22]} 13. Nxd5 {[%clk 1:06:14]} Nxd5
{[%clk 1:20:47]} 14. Bxd5 {[%clk 1:06:38]} Qd6 {[%clk 0:47:30]} 15. e4
{[%clk 1:03:22]} Be6 {[%clk 0:40:11]} 16. Bc3 {[%clk 0:59:08]} Bxd5
{[%clk 0:39:56]} 17. Rcd1 {[%clk 0:50:12]} Qe6 {[%clk 0:36:14]} 18. Rxd5
{[%clk 0:50:23]} Rfe8 {[%clk 0:35:43]} 19. Rfd1 {[%clk 0:48:14]} h6
{[%clk 0:30:57]} 20. Qd3 {[%clk 0:27:23]} Bf8 {[%clk 0:28:11]} 21. Re1
{[%clk 0:27:14]} Reb8 {[%clk 0:17:24]} 22. Nh4 {[%clk 0:22:15]} b5
{[%clk 0:16:22]} 23. Nf5 {[%clk 0:21:43]} g6 {[%clk 0:12:47]} 24. Nd6
{[%clk 0:12:46]} c4 {[%clk 0:12:38]} 25. Qg3 {[%clk 0:11:45]} Rd8
{[%clk 0:09:34]} 26. Red1 {[%clk 0:08:32]} b4 {[%clk 0:06:42]} 27. Be1
{[%clk 0:08:56]} Bxd6 {[%clk 0:06:07]} 28. Rxd6 {[%clk 0:09:22]} Rxd6
{[%clk 0:02:54]} 29. Qxd6 {[%clk 0:08:33]} Qxe4 {[%clk 0:01:46]} 30. f3
{[%clk 0:05:24]} Qe8 {[%clk 0:01:46]} 31. Qf4 {[%clk 0:04:48]} c3
{[%clk 0:01:22]} 32. bxc3 {[%clk 0:05:04]} b3 {[%clk 0:01:38]} 33. c4
{[%clk 0:03:56]} Qe5 {[%clk 0:01:31]} 34. Qxe5 {[%clk 0:03:27]} Nxe5
{[%clk 0:01:58]} 35. Rb1 {[%clk 0:03:50]} Nd3 {[%clk 0:02:00]} 36. Kf1
{[%clk 0:02:59]} Rb8 {[%clk 0:00:55]} 37. Bg3 {[%clk 0:02:18]} Rb7
{[%clk 0:00:41]} 38. Bd6 {[%clk 0:01:59]} b2 {[%clk 0:00:42]} 39. Ke2
{[%clk 0:01:53]} Rb3 {[%clk 0:00:38]} 40. Kd2 {[%clk 0:31:10]} Nb4
{[%clk 0:30:38]} 41. Be5 {[%clk 0:21:27]} Rd3+ {[%clk 0:24:02]} 42. Ke2
{[%clk 0:21:21]} Ra3 {[%clk 0:24:22]} 43. Rxb2 {[%clk 0:19:41]} Rxa4
{[%clk 0:23:55]} 44. Bc3 {[%clk 0:17:16]} a5 {[%clk 0:20:42]} 45. Bxb4
{[%clk 0:15:44]} axb4 {[%clk 0:20:42]} 46. Kd3 {[%clk 0:16:03]} Kf8
{[%clk 0:16:53]} 47. c5 {[%clk 0:16:18]} Ke7 {[%clk 0:16:41]} 48. Kc4
{[%clk 0:16:34]} Kd7 {[%clk 0:16:00]} 49. Kb5 {[%clk 0:15:36]} Ra8
{[%clk 0:09:40]} 50. Rd2+ {[%clk 0:15:50]} Kc7 {[%clk 0:09:29]} 51. Kxb4
{[%clk 0:16:02]} Ra1 {[%clk 0:04:58]} 52. Kc4 {[%clk 0:15:58]} h5
{[%clk 0:02:25]} 53. Kd5 {[%clk 0:15:48]} Ra6 {[%clk 0:02:00]} 54. Rb2
{[%clk 0:13:16]} Rf6 {[%clk 0:02:09]} 55. Ra2 {[%clk 0:13:09]} Rf5+
{[%clk 0:02:33]} 56. Kc4 {[%clk 0:13:16]} g5 {[%clk 0:01:40]} 57. Kb5
{[%clk 0:12:07]} Kb7 {[%clk 0:01:29]} 58. Re2 {[%clk 0:12:28]} Kc7
{[%clk 0:01:18]} 59. Re7+ {[%clk 0:08:43]} Kd8 {[%clk 0:01:41]} 60. Re4
{[%clk 0:09:01]} Kc7 {[%clk 0:01:43]} 61. h3 {[%clk 0:09:00]} Kb7
{[%clk 0:01:34]} 62. Re7+ {[%clk 0:09:21]} Kc8 {[%clk 0:01:56]} 63. Kb6
{[%clk 0:09:19]} Kd8 {[%clk 0:01:42]} 64. Ra7 {[%clk 0:07:39]} Rf4
{[%clk 0:01:58]} 65. c6 {[%clk 0:07:43]} Rb4+ {[%clk 0:02:19]} 66. Kc5
{[%clk 0:08:09]} Rb2 {[%clk 0:02:38]} 67. g4 {[%clk 0:07:44]} hxg4
{[%clk 0:01:35]} 68. hxg4 {[%clk 0:08:10]} Rc2+ {[%clk 0:02:01]} 69. Kd6
{[%clk 0:08:30]} Rd2+ {[%clk 0:02:21]} 70. Ke5 {[%clk 0:08:47]} Re2+
{[%clk 0:02:46]} 71. Kf5 {[%clk 0:06:40]} Re3 {[%clk 0:02:45]} 72. Rxf7
{[%clk 0:06:43]} Rxf3+ {[%clk 0:03:10]} 73. Kg6 {[%clk 0:06:51]} Rf4
{[%clk 0:02:03]} 74. Rd7+ {[%clk 0:07:14]} Ke8 {[%clk 0:02:18]} 75. Kxg5
{[%clk 0:07:33]} Rc4 {[%clk 0:02:40]} 76. Rd6 {[%clk 0:07:55]} Ke7
{[%clk 0:03:03]} 77. Rh6 {[%clk 0:07:33]} Rc5+ {[%clk 0:01:48]} 78. Kh4
{[%clk 0:07:58]} Rc1 {[%clk 0:02:10]} 79. c7 {[%clk 0:05:34]} Kf7
{[%clk 0:02:08]} 80. Rh7+ {[%clk 0:05:13]} Kg6 {[%clk 0:02:24]} 81. Rd7
{[%clk 0:05:38]} Rc3 {[%clk 0:02:27]} 82. Re7 {[%clk 0:05:51]} Kf6
{[%clk 0:02:27]} 83. Rh7 {[%clk 0:06:10]} Kg6 {[%clk 0:02:15]} 84. Rd7
{[%clk 0:06:30]} Kf6 {[%clk 0:02:04]} 85. Rd6+ {[%clk 0:03:13]} Kg7
{[%clk 0:02:13]} 86. Rd7+ {[%clk 0:03:34]} Kf6 {[%clk 0:02:25]} 87. g5+
{[%clk 0:01:56]} Kg6 {[%clk 0:02:27]} 88. Rd6+ {[%clk 0:02:00]} Kg7
{[%clk 0:02:49]} 89. Rd7+ {[%clk 0:02:11]} Kg6 {[%clk 0:03:13]} 90. Kg4
{[%clk 0:02:06]} Rc4+ {[%clk 0:03:30]} 91. Kf3 {[%clk 0:02:24]} Kxg5
{[%clk 0:03:50]} 92. Ke3 {[%clk 0:02:07]} Kf6 {[%clk 0:03:29]} 93. Kd3
{[%clk 0:02:20]} Ke6 {[%clk 0:02:13]} 94. Rh7 {[%clk 0:02:28]} Rc1
{[%clk 0:02:03]} 95. Kd4 {[%clk 0:01:51]} Kd6 {[%clk 0:02:05]} 96. Ke4 Ke5+
1/2-1/2

[Event "ewcc-2015"]
[Site "Chakvi. Adjara"]
[Date "2015.05.27"]
[Round "8.15"]
[White "Goryachkina, Aleksandra"]
[Black "Belenkaya, Dina"]
[Result "1-0"]
[LiveChessVersion "1.3.1"]
[BlackElo "2235"]
[WhiteElo "2474"]

1. d4 {[%clk 1:30:55]} d5 {[%clk 1:30:48]} 2. c4 {[%clk 1:31:16]} dxc4
{[%clk 1:31:10]} 3. Nf3 {[%clk 1:31:40]} Nf6 {[%clk 1:31:22]} 4. e3
{[%clk 1:32:03]} e6 {[%clk 1:31:44]} 5. Bxc4 {[%clk 1:32:24]} a6 {[%clk 1:32:02]}
6. O-O {[%clk 1:32:37]} c5 {[%clk 1:31:57]} 7. dxc5 {[%clk 1:32:38]} Qxd1
{[%clk 1:31:59]} 8. Rxd1 {[%clk 1:32:57]} Bxc5 {[%clk 1:32:24]} 9. Be2
{[%clk 1:33:08]} Nbd7 {[%clk 1:32:04]} 10. Nd4 {[%clk 1:31:20]} O-O
{[%clk 1:30:59]} 11. Nc3 {[%clk 1:22:11]} Nb6 {[%clk 1:27:12]} 12. Nb3
{[%clk 1:20:00]} Be7 {[%clk 1:26:25]} 13. e4 {[%clk 1:15:21]} Bb4
{[%clk 0:58:51]} 14. f3 {[%clk 1:08:24]} e5 {[%clk 0:53:44]} 15. Be3
{[%clk 1:02:27]} Bxc3 {[%clk 0:51:14]} 16. bxc3 {[%clk 0:59:57]} Na4
{[%clk 0:51:19]} 17. Rdc1 {[%clk 0:56:45]} Be6 {[%clk 0:50:00]} 18. Na5
{[%clk 0:48:24]} Rfc8 {[%clk 0:44:19]} 19. Nxb7 {[%clk 0:41:27]} Nxc3
{[%clk 0:36:59]} 20. Bf1 {[%clk 0:39:43]} Nxa2 {[%clk 0:32:27]} 21. Rxc8+
{[%clk 0:32:17]} Bxc8 {[%clk 0:20:08]} 22. Nc5 {[%clk 0:31:59]} Nb4
{[%clk 0:19:18]} 23. Rd1 {[%clk 0:31:40]} Be6 {[%clk 0:13:48]} 24. Nxe6
{[%clk 0:29:38]} fxe6 {[%clk 0:14:16]} 25. Bc4 {[%clk 0:29:28]} Kf7
{[%clk 0:11:53]} 26. Rd6 {[%clk 0:26:18]} Rc8 {[%clk 0:08:41]} 27. Bxe6+
{[%clk 0:20:49]} Ke7 {[%clk 0:09:08]} 28. Rb6 {[%clk 0:19:41]} Rc6
{[%clk 0:08:52]} 29. Rxc6 {[%clk 0:17:42]} Nxc6 {[%clk 0:09:19]} 30. Bc4
{[%clk 0:17:50]} a5 {[%clk 0:08:34]} 31. Bc5+ {[%clk 0:16:50]} Kd7
{[%clk 0:08:53]} 32. Bf8 {[%clk 0:14:09]} Ne8 {[%clk 0:07:14]} 33. h4
{[%clk 0:13:32]} Nd4 {[%clk 0:04:33]} 34. Kf2 {[%clk 0:10:30]} Ne6
{[%clk 0:03:53]} 35. Ba3 {[%clk 0:06:53]} Nd6 {[%clk 0:04:16]} 36. Bb3
{[%clk 0:06:01]} Nd4 {[%clk 0:03:05]} 37. Ba4+ {[%clk 0:06:03]} Ke6
{[%clk 0:02:08]} 38. Bb2 {[%clk 0:06:04]} Kf6 {[%clk 0:01:46]} 39. Bc3
{[%clk 0:04:38]} Nc4 {[%clk 0:01:48]} 40. f4 {[%clk 0:33:53]} Nb6
{[%clk 0:31:21]} 41. fxe5+ {[%clk 0:32:15]} Kxe5 {[%clk 0:26:11]} 42. Bc2
{[%clk 0:28:28]} Nc4 {[%clk 0:08:52]} 43. Bd3 {[%clk 0:28:09]} a4
{[%clk 0:06:15]} 44. Bxc4 {[%clk 0:27:56]} Kxe4 {[%clk 0:06:40]} 45. Bg8
{[%clk 0:27:36]} h6 {[%clk 0:06:29]} 46. Bh7+ {[%clk 0:27:50]} Kd5
{[%clk 0:06:19]} 47. Ke3 {[%clk 0:28:00]} Ne6 {[%clk 0:05:39]} 48. Bg8
{[%clk 0:28:19]} g6 {[%clk 0:05:08]} 49. Bf7 {[%clk 0:28:11]} g5 {[%clk 0:03:30]}
50. h5 {[%clk 0:28:26]} a3 {[%clk 0:03:52]} 51. Bxe6+ {[%clk 0:28:04]} Kxe6
{[%clk 0:04:17]} 52. Ke4 {[%clk 0:28:28]} Kd5+ 1-0

[Event "ewcc-2015"]
[Site "Chakvi. Adjara"]
[Date "2015.05.27"]
[Round "8.20"]
[White "Stetsko, Lanita"]
[Black "Arakhamia-Grant, Ketevan"]
[Result "1-0"]
[LiveChessVersion "1.3.1"]
[BlackElo "2393"]
[WhiteElo "2286"]

1. e4 {[%clk 1:30:47]} c5 {[%clk 1:30:49]} 2. Nf3 {[%clk 1:30:54]} e6
{[%clk 1:31:06]} 3. Nc3 {[%clk 1:29:42]} Nc6 {[%clk 1:28:49]} 4. d4
{[%clk 1:29:55]} cxd4 {[%clk 1:29:12]} 5. Nxd4 {[%clk 1:30:19]} Qc7
{[%clk 1:29:28]} 6. f4 {[%clk 1:27:42]} Nxd4 {[%clk 1:25:05]} 7. Qxd4
{[%clk 1:27:46]} a6 {[%clk 1:25:30]} 8. Be3 {[%clk 1:27:55]} b5 {[%clk 1:23:42]}
9. O-O-O {[%clk 1:27:29]} Bb7 {[%clk 1:22:38]} 10. Bd3 {[%clk 1:26:48]} Nf6
{[%clk 1:07:17]} 11. e5 {[%clk 1:15:17]} Ng4 {[%clk 1:07:20]} 12. Ne4
{[%clk 1:10:39]} Nxe3 {[%clk 0:49:17]} 13. Qxe3 {[%clk 1:11:00]} Be7
{[%clk 0:49:17]} 14. Rhe1 {[%clk 1:06:23]} Rc8 {[%clk 0:31:56]} 15. Qg3
{[%clk 1:00:38]} g6 {[%clk 0:30:59]} 16. Nd6+ {[%clk 0:49:25]} Bxd6
{[%clk 0:31:04]} 17. exd6 {[%clk 0:49:43]} Qd8 {[%clk 0:15:34]} 18. f5
{[%clk 0:48:01]} gxf5 {[%clk 0:13:07]} 19. Qg7 {[%clk 0:45:50]} Rf8
{[%clk 0:13:20]} 20. Bxf5 {[%clk 0:45:59]} Rc5 {[%clk 0:04:15]} 21. Bxe6
{[%clk 0:43:08]} dxe6 {[%clk 0:04:15]} 22. Rxe6+ {[%clk 0:43:32]} Kd7
{[%clk 0:04:34]} 23. Re7+ {[%clk 0:43:38]} Kc6 {[%clk 0:04:36]} 24. Qd4
{[%clk 0:43:24]} Kd5 1-0